Encuentro en Sils-María / (Record no. 99393)

MARC details
000 -LEADER
campo de control de longitud fija 00597nam a2200205 i 4500
001 - NÚMERO DE CONTROL
campo de control 99393
003 - IDENTIFICADOR DE NÚMERO DE CONTROL
campo de control ES-MaACL
005 - FECHA Y HORA DE LA ÚLTIMA TRANSACCIÓN
campo de control 20250823063055.0
007 - CAMPO FIJO DE DESCRIPCIÓN FÍSICA--INFORMACIÓN GENERAL
campo de control de longitud fija t|
008 - DATOS DE LONGITUD FIJA--INFORMACIÓN GENERAL
campo de control de longitud fija 050907s1986 sp ||||1| spa d
020 ## - NÚMERO INTERNACIONAL ESTÁNDAR DEL LIBRO
Número Internacional Estándar del Libro 84-7600-053-7
100 0# - ENTRADA PRINCIPAL--NOMBRE DE PERSONA
Nombre de persona Martín Santos, Luis,
Fechas asociadas al nombre 1921-1988
9 (RLIN) 77652
245 10 - MENCIÓN DEL TÍTULO
Título Encuentro en Sils-María /
Mención de responsabilidad, etc. Luis Martín-Santos.
260 ## - PUBLICACIÓN, DISTRIBUCIÓN, ETC.
Lugar de publicación, distribución, etc. Torrejón de Ardoz (Madrid) :
Nombre del editor, distribuidor, etc. Akal,
Fecha de publicación, distribución, etc. 1986.
300 ## - DESCRIPCIÓN FÍSICA
Extensión 230 p. ;
Dimensiones 21 cm.
490 1# - MENCIÓN DE SERIE
Mención de serie Novela Akal ;
Designación de volumen o secuencia 5
830 00 - PUNTO DE ACCESO ADICIONAL DE SERIE-TÍTULO UNIFORME
Título uniforme Novela Akal
Designación de volumen o secuencia 5
9 (RLIN) 184528
852 ## - LOCALIZACIÓN
Ubicación ES-MaACL
Número de control de estantería L-11119
Sublocalización o colección R.111855
Holdings
Estatus retirado Estado de pérdida Estado de daño No para préstamo Biblioteca de origen Biblioteca actual Ubicación en estantería Fecha de adquisición Fuente de adquisición Total de préstamos Signatura topográfica completa Código de barras Visto por última vez Precio de reemplazo Tipo de ítem Koha
        Biblioteca del Ateneo de Madrid Biblioteca del Ateneo de Madrid Depósito 2 17/01/2008     L-11119 1103785 23/02/2023 23/02/2023 Libro impreso